Internal medicine (رقم التسجيلة. 24230)

تفاصيل مارك
000 -الفاتح
حقل البيانات ثابتة الطول 01233cam a2200349 a 4500
001 - رقم الضبط
رقم الضبط 8483105
003 - محدد رقم الضبط
رقم الضبط OSt
005 - وقت وتاريخ اخر تعامل مع التسجيلة
رقم الضبط 20150408114046.0
006 - عناصر البيانات ثابتة الطول - خصائص المادة الاضافية-معلومات عامة
حقل البيانات ثابتة الطول m d
007 - الحقل الثابت للوصف المادى- معلومات عامة
حقل البيانات ثابتة الطول cr n
008 - عناصر البيانات ثابتة الطول - معلومات عامة
حقل البيانات ثابتة الطول 120623s2010 gw a |sb 001 0 eng d
020 ## - الرقم الدولى المعيارى للكتب
الرقم الدولى المعيارى للكتاب 9783642037085 (alk. paper)
020 ## - الرقم الدولى المعيارى للكتب
الرقم الدولى المعيارى للكتاب 3642037089 (alk. paper)
020 ## - الرقم الدولى المعيارى للكتب
الرقم الدولى المعيارى للكتاب 9783642037092 (eISBN)
040 ## - مصدر الفهرسة
وكالة النسخ MU
082 04 - رقم تصنيف ديوى العشرى
رقم التصنيف 616.0757 T J I
رقم الطبعة 22
100 1# - المدخل الرئيسى - إسم شخصى
الإسم الشخصى Al-Tubaikh, Jarrah Ali.
9 (RLIN) 16166
210 10 - العنوان المختصر
العنوان المختصر Internal medicine
245 10 - بيان العنوان
العنوان Internal medicine
الوسيط [electronic resource] :
بقية العنوان an illustrated radiological guide /
بيان المسئوليه,etc by Jarrah Ali Al-Tubaikh.
260 ## - PUBLICATION, DISTRIBUTION, ETC. (IMPRINT)
مكان الناشر او الموزع Heidelberg :
اسم الناشر او الموزع Springer,
تاريخ النشر أو التوزيع c2010.
504 ## - تبصرة ببليوجرافية
تبصرة ببليوجرافية,الخ Includes bibliographical references and index.
506 ## - تبصرة قيود الاتاحة
قيود الإتاحة License restrictions may limit access.
650 #4 - المدخل الاضافى بالموضوع-مصطلح موضوعى
مصطلح موضوعي أو اسم جغرافي كعنصر مدخل Radiology
التقسيم الفرعي العام methods
9 (RLIN) 11173
650 #2 - المدخل الاضافى بالموضوع-مصطلح موضوعى
مصطلح موضوعي أو اسم جغرافي كعنصر مدخل Internal Medicine
التقسيم الفرعي العام methods
9 (RLIN) 16167
650 #4 - المدخل الاضافى بالموضوع-مصطلح موضوعى
مصطلح موضوعي أو اسم جغرافي كعنصر مدخل Signs and Symptoms
9 (RLIN) 16168
650 #4 - المدخل الاضافى بالموضوع-مصطلح موضوعى
مصطلح موضوعي أو اسم جغرافي كعنصر مدخل Diagnostic Imaging
650 #4 - المدخل الاضافى بالموضوع-مصطلح موضوعى
مصطلح موضوعي أو اسم جغرافي كعنصر مدخل Diagnosis, Differential
655 #4 - مصطلح تكشيفى-نوع/شكل
بيانات النوع/ الشكل أو المصطلح الأساسي Atlases
9 (RLIN) 13924
773 #0 - مدخل المادة المضيفة
العنوان SpringerLink ebooks - Medicine (2010)
856 40 - الوصول و الموقع الالكترونى
معرف المصدر الموحد <a href="http://www.columbia.edu/cgi-bin/cul/resolve?clio8483105">http://www.columbia.edu/cgi-bin/cul/resolve?clio8483105</a>
تبصرة عامة Full text available from SpringerLink ebooks - Medicine (2010)
942 ## - عناصر المدخل الإضافي( كوها)
مصدر التصنيف او مخطط الترفيف Dewey Decimal Classification
Koha [default] item type DVD
المقتنيات
حالة الفقد نموذج السعر الفعال حالة تلف ليس للاعارة رقم الطلب رقم النسخة تاريخ الاكتساب الموقع الحالي الباركود الفرع الرئيسي Date last seen نوع المادة فى نظام كوها مصدر التصنيف او خطة الترفيف Total Checkouts
  2013-03-10     616.0757 T J I c1 2012-06-23 المكتبة المركزية بالمجمعة (CL) 00109770 المكتبة المركزية بالمجمعة (CL) 2013-03-10 كتاب Dewey Decimal Classification  
  2013-03-10     616.0757 T J I c.2 2012-06-23 المكتبة المركزية بالمجمعة (CL) 00109771 المكتبة المركزية بالمجمعة (CL) 2013-03-10 كتاب Dewey Decimal Classification  
  2013-03-10     616.0757 T J I c.3 2012-06-23 المكتبة المركزية بالمجمعة (CL) 00109772 المكتبة المركزية بالمجمعة (CL) 2013-03-10 كتاب Dewey Decimal Classification